MyGZULibrary

Craniosynostosis: (Record no. 11205)

MARC details
000 -LEADER
fixed length control field 01545cam a22003974a 4500
001 - CONTROL NUMBER
control field 2158174
003 - CONTROL NUMBER IDENTIFIER
control field GZU
005 - DATE AND TIME OF LATEST TRANSACTION
control field 20240403125515.0
008 - FIXED-LENGTH DATA ELEMENTS--GENERAL INFORMATION
fixed length control field 990602s2000 nyua b 001 0 eng c
010 ## - LIBRARY OF CONGRESS CONTROL NUMBER
LC control number 99032749
020 ## - INTERNATIONAL STANDARD BOOK NUMBER
International Standard Book Number 019511843X
022 ## - INTERNATIONAL STANDARD SERIAL NUMBER
International Standard Serial Number No number
040 ## - CATALOGING SOURCE
Original cataloging agency DNLM/DLC
Transcribing agency DLC
Modifying agency DLC
042 ## - AUTHENTICATION CODE
Authentication code pcc
050 00 - LIBRARY OF CONGRESS CALL NUMBER
Classification number RJ482.C73
Item number CRA 2000
060 10 - NATIONAL LIBRARY OF MEDICINE CALL NUMBER
Classification number WE 705
Item number C8916 2000
082 00 - DEWEY DECIMAL CLASSIFICATION NUMBER
Classification number 618.92/097514
Edition number 21
245 00 - TITLE STATEMENT
Title Craniosynostosis:
Remainder of title diagnosis, evaluation, and management /
Statement of responsibility, etc. edited by M. Michael Cohen, Jr., Ruth E. MacLean.
250 ## - EDITION STATEMENT
Edition statement Second edition
260 ## - PUBLICATION, DISTRIBUTION, ETC.
Place of publication, distribution, etc. New York:
Name of publisher, distributor, etc. Oxford University Press,
Date of publication, distribution, etc. 2000.
300 ## - PHYSICAL DESCRIPTION
Extent xx, 454 pages:
Other physical details illustrations;
Dimensions 29cm.
504 ## - BIBLIOGRAPHY, ETC. NOTE
Bibliography, etc. note Includes bibliographical references and index.
505 ## - FORMATTED CONTENTS NOTE
Title Craniosynostosis
520 ## - SUMMARY, ETC.
Summary, etc. Diagnosis, evaluation and management
650 #0 - SUBJECT ADDED ENTRY--TOPICAL TERM
Topical term or geographic name entry element Craniosynostoses.
650 #0 - SUBJECT ADDED ENTRY--TOPICAL TERM
Topical term or geographic name entry element Craniosynostoses
General subdivision Surgery.
650 12 - SUBJECT ADDED ENTRY--TOPICAL TERM
Topical term or geographic name entry element Craniosynostoses.
700 1# - ADDED ENTRY--PERSONAL NAME
Personal name Cohen, M. Michael
Fuller form of name (Meyer Michael),
Dates associated with a name 1937-
700 1# - ADDED ENTRY--PERSONAL NAME
Personal name MacLean, Ruth E.
856 42 - ELECTRONIC LOCATION AND ACCESS
Materials specified Publisher description
Uniform Resource Identifier <a href="http://www.loc.gov/catdir/enhancements/fy0602/99032749-d.html">http://www.loc.gov/catdir/enhancements/fy0602/99032749-d.html</a>
856 41 - ELECTRONIC LOCATION AND ACCESS
Materials specified Table of contents only
Uniform Resource Identifier <a href="http://www.loc.gov/catdir/enhancements/fy0602/99032749-t.html">http://www.loc.gov/catdir/enhancements/fy0602/99032749-t.html</a>
906 ## - LOCAL DATA ELEMENT F, LDF (RLIN)
a 7
b cbc
c orignew
d 1
e ocip
f 19
g y-gencatlg
942 ## - ADDED ENTRY ELEMENTS (KOHA)
Source of classification or shelving scheme Library of Congress Classification
Koha item type Books
Edition Second edition
Classification part 482
Item part CRA
Call number prefix RJ
Holdings
Withdrawn status Lost status Source of classification or shelving scheme Damaged status Not for loan Home library Current library Shelving location Date acquired Source of acquisition Total Checkouts Full call number Barcode Date last seen Date last checked out Copy number Price effective from Koha item type
    Library of Congress Classification     Medical Library Medical Library General Stacks 04/03/2024 Donation 1 RJ482CRA2000 033218 04/04/2024 04/04/2024 c.1 04/03/2024 Books